10 mots dans mots : prénoms 4 (click quiz) - Statistiques

Statistiques générales
  • Ce quiz a été pris 68 fois
  • Le résultat moyen est 6 sur 10
Statistiques - réponses
Hint Réponse % Correct
Fran---stein Ken
86%
Syl---ultrice Vic
79%
---alomaniaque Meg
74%
Autodéb---age Ray
70%
Té---nseignement Lee
63%
Outrecu---nte Ida
56%
Mil---oltmetre Liv
54%
B---zard Liz
54%
Ultra---aliste Roy
51%
An---iluvienne Ted
49%
Aucun quiz correspondant
Distribution des résultats
% des personnes avec chaque résultat
Percentile par nombre de réponses
Votre historique - résultats
Vous n’avez pas pris ce quiz